| 000 | 00620nam a22001457a 4500 | ||
|---|---|---|---|
| 003 | macl | ||
| 005 | 20181018135234.0 | ||
| 008 | 181017b xxu||||| |||| 00| 0 eng d | ||
| 040 | _cmacl | ||
| 100 |
_a बी एन बी _973056 |
||
| 245 | _aमध्यप्रदेश उच्च माध्यमिक शिक्षक पात्रता परीक्षा -2019 (राजनीति विज्ञान - खण्ड-ब ) | ||
| 260 |
_aभोपाल _b बी एन बी पब्लिकेशन्स _c2019 |
||
| 650 |
_aशिक्षा _973057 |
||
| 942 |
_2ddc _cHIN |
||
| 999 |
_c58447 _d58447 |
||